000 01384nam a2200265Ia 4500
001 20458
003 GE_BSU
008 181216s||||||||xx |||||||||||||| ||und||
020 _a99928-79-69-4
040 _cGE_BSU
080 _a811.353.1(09)
245 _aქართული ენის ისტორია
245 _bსახელმძღვ. უნ-ტის ბაკალავრიატის სტუდ.
260 _aქუთაისი
260 _bქუთაისის სახ. უნ-ტი
260 _c2006
300 _a336გვ. : ილ. ; 20სმ.
300 _cპირთა საძიებელი: გვ. 279-289.
300 _eდანართი: ფოტოპირები გადმობეჭდილია ი. აბულაძის "ქართული წერის ნიმუშებიდან".
541 _h10ლ.35თ.
653 _aქართული ენა
653 _aქართული ენის ისტორია
653 _aქართული ენის ისტორია; ქართული ენის ლექსიკა; ქართული დიალექტები; ქართული დამწერლობა; ქართული კულტურის კერები უცხოეთში
942 _cBK
999 _c53415
_d53415